| 000 | 00654cab a2200217 4500 | ||
|---|---|---|---|
| 001 | WB2938-18 | ||
| 008 | 090401t1993 xxu||||| |||| 00| 0 eng d | ||
| 035 | _a(Sirsi) u48027 | ||
| 041 | _aeng | ||
| 100 | _aHarris, H.M. | ||
| 245 | _aGetting the most out of claim | ||
| 260 | _c1993 | ||
| 350 | _a0 | ||
| 490 |
_aCSW - The Property Week _v45(2) 14 October 1993, 62(1) |
||
| 520 | _aThere are circumstances when it is more appropriate to employ loss assessors to investigate an insurance claim than loss adjustors. | ||
| 650 | _aINSURANCE CLAIMS | ||
| 650 | _aLOSS ASSESSORS | ||
| 690 |
_aInsurance _96249 |
||
| 942 | _n0 | ||
| 948 | _c04/03/1997 | ||
| 999 |
_c30186 _d30186 |
||